El catecismo, para qué sirve?

Sparad:
Bibliografiska uppgifter
Huvudupphovsman: Alcedo, Antonio (Författare, medförfattare)
Materialtyp: Bok
Språk:spanska
Publicerad: Madrid PPC 1992
Serie:Folletos PPC, 1
Ämnen:
Taggar: Lägg till en tagg
Inga taggar, Lägg till första taggen!

MARC

LEADER 00000nam a2200000 a 4500
001 UCX7064
003 CL-VaPUC
008 930916e19920000SP |||||||||||||||||spa|d
082 0 4 |a 238.2  |b ALC  |2 21 
100 0 |a Alcedo, Antonio  |e author  |9 323819 
245 1 3 |a El catecismo, para qué sirve? 
300 |a 47 p 
942 |c BK 
945 |d 19930916 00:00:00 
260 |a Madrid  |b PPC  |c 1992 
650 7 |a CATECISMOS  |2 CL-VaPUC  |9 257883 
583 |a last modification  |c 19930916 00:00:00  |k Rodrigo Vera 
490 0 |a Folletos PPC, 1 
999 |c 226983  |d 226981 
952 |0 0  |1 0  |4 0  |6 238_200000000000000_ALC_1992  |7 0  |8 A  |9 225707  |a BIBTEO  |b BIBTEO  |d 2019-11-15  |i 2943379  |o 238.2 ALC 1992  |p 2943379  |r 2025-01-17  |w 2019-11-15  |y BK  |k ICR